[Event "Titled Tuesday intern op 27th Feb Late"]
[Site "Chess.com INT"]
[Date "2024.02.27"]
[Round "9"]
[White "Rozman, Levy"]
[Black "Peczely, Sebastian Zsombor"]
[Result "0-1"]
[WhiteElo "2322"]
[BlackElo "2318"]
[PlyCount "120"]
[EventDate "2024.02.27"]
[EventType "swiss (blitz)"]
[EventRounds "11"]
[EventCountry "USA"]
[SourceTitle "CB10_2024"]
[SourceDate "2024.03.06"]
[SourceVersion "1"]
[SourceVersionDate "2024.03.06"]
[SourceQuality "1"]

1. e4 c5 2. Nc3 Nc6 3. Bb5 Nd4 4. Nf3 a6 5. Bd3 g6 6. 0-0 Bg7 7. Rb1 b5 8. b4 c4 9. Be2 Bb7 10. Bb2 e6 11. Nxd4 Bxd4 12. Nxb5 Bxb2 13. Nd6+ Ke7 14. Nxb7 Qb6 15. Rxb2 Qxb7 16. Bxc4 Qxe4 17. d4 Qc6 18. Bb3 Qc3 19. Rb1 d5 20. Re1 Nf6 21. Re3 Qc7 22. Rc1 Qd6 23. a3 a5 24. b5 a4 25. Ba2 Rhd8 26. h3 Qb6 27. Rb1 Ne4 28. c4 Qa5 29. Rb4 Nd6 30. cxd5 Nxb5 31. dxe6 Nxa3 32. exf7+ Kf8 33. Rb7 Nb5 34. Rbe7 Nd6 35. Qf3 Nf5 36. Re8+ Rxe8 37. fxe8Q+ Rxe8 38. g4 Rxe3 39. fxe3 Qe1+ 40. Kg2 Qd2+ 41. Qf2 Qxf2+ 42. Kxf2 Nd6 43. Ke2 Ne4 44. Kd3 Nf2+ 45. Kc4 Nxh3 46. e4 Nf2 47. e5 Nxg4 48. Kd5 Ke7 49. Ke4 Nf2+ 50. Ke3 Nd1+ 51. Kd2 Nf2 52. d5 Ng4 53. e6 h5 54. Kd3 h4 55. Ke2 Ne5 56. Ke3 g5 57. Bb1 a3 58. Ke4 Nc4 59. Kf5 h3 60. Kxg5 h2 0-1

[Event "Titled Tuesday intern op 27th Jun Late"]
[Site "Chess.com INT"]
[Date "2023.06.27"]
[Round "4"]
[White "Aqib, Javaid Butt"]
[Black "Peczely, Sebastian Zsombor"]
[Result "0-1"]
[WhiteElo "1759"]
[BlackElo "2339"]
[PlyCount "88"]
[EventDate "2023.06.27"]
[EventType "swiss (blitz)"]
[EventRounds "11"]
[EventCountry "USA"]
[SourceTitle "EXT 2024"]
[Source "ChessBase"]
[SourceDate "2023.10.10"]
[SourceVersion "1"]
[SourceVersionDate "2023.10.10"]
[SourceQuality "1"]

1. d4 Nf6 2. Nf3 e6 3. c4 d5 4. Nc3 Bb4 5. e3 0-0 6. Bd3 c5 7. 0-0 Nc6 8. a3 dxc4 9. axb4 cxb4 10. Bxc4 bxc3 11. bxc3 b6 12. Ba3 Re8 13. Bb5 Bd7 14. Re1 a6 15. Bd3 e5 16. dxe5 Nxe5 17. Nxe5 Rxe5 18. Qc2 Ba4 19. Bxh7+ Nxh7 20. Qxa4 b5 21. Qd4 Qe8 22. Rad1 Nf6 23. Bd6 Re4 24. Qb6 Rc4 25. Bb4 Ne4 26. Rd4 Rc6 27. Qa5 Ng5 28. Red1 Ne6 29. Rd6 Rxd6 30. Rxd6 Qc8 31. g3 g6 32. Qb6 Ng5 33. Rxg6+ fxg6 34. Qxg6+ Kh8 35. Qxg5 Qg8 36. Qh6+ Qh7 37. Qf6+ Qg7 38. Qh4+ Kg8 39. Qd4 Qxd4 40. exd4 a5 41. Ba3 Rc8 42. Bb2 a4 43. Kf1 b4 44. cxb4 Rc2 0-1

[Event "Titled Tuesday intern op 27th Jun Late"]
[Site "Chess.com INT"]
[Date "2023.06.27"]
[Round "1"]
[White "Cruz, Jonathan"]
[Black "Peczely, Sebastian Zsombor"]
[Result "1-0"]
[WhiteElo "2328"]
[BlackElo "2339"]
[PlyCount "87"]
[EventDate "2023.06.27"]
[EventType "swiss (blitz)"]
[EventRounds "11"]
[EventCountry "USA"]
[SourceTitle "EXT 2024"]
[Source "ChessBase"]
[SourceDate "2023.10.10"]
[SourceVersion "1"]
[SourceVersionDate "2023.10.10"]
[SourceQuality "1"]

1. Nf3 Nf6 2. g3 b5 3. Bg2 Bb7 4. 0-0 e6 5. d3 Be7 6. e4 0-0 7. Re1 c5 8. Nc3 b4 9. Nb1 d5 10. Nbd2 Nc6 11. e5 Nd7 12. Nf1 Qc7 13. Bf4 c4 14. d4 c3 15. b3 a5 16. Ne3 a4 17. Nxd5 exd5 18. e6 Bd6 19. Bxd6 Qxd6 20. exd7 Qxd7 21. Ne5 Nxe5 22. dxe5 axb3 23. axb3 Rxa1 24. Qxa1 Ra8 25. Qd1 Qf5 26. Bxd5 Bxd5 27. Qxd5 Re8 28. Qe4 Qg5 29. Qxb4 Qd2 30. Qe4 f6 31. e6 f5 32. Qe2 Kf8 33. e7+ Kg8 34. Qxd2 cxd2 35. Rd1 Rxe7 36. Rxd2 Re1+ 37. Kg2 Rc1 38. Rd8+ Kf7 39. Rc8 Ke6 40. b4 Kd7 41. Rc5 g6 42. c3 Rc2 43. h4 Kd6 44. Rc8 1-0

[Event "Titled Tuesday intern op 27th Jun Late"]
[Site "Chess.com INT"]
[Date "2023.06.27"]
[Round "5"]
[White "Peczely, Sebastian Zsombor"]
[Black "Mizzi, Jack"]
[Result "0-1"]
[WhiteElo "2339"]
[BlackElo "1986"]
[PlyCount "118"]
[EventDate "2023.06.27"]
[EventType "swiss (blitz)"]
[EventRounds "11"]
[EventCountry "USA"]
[SourceTitle "EXT 2024"]
[Source "ChessBase"]
[SourceDate "2023.10.10"]
[SourceVersion "1"]
[SourceVersionDate "2023.10.10"]
[SourceQuality "1"]

1. e4 c6 2. Nf3 d5 3. exd5 cxd5 4. Ne5 Nc6 5. Bb5 Bd7 6. Bxc6 bxc6 7. d4 Nf6 8. 0-0 e6 9. c4 Bd6 10. Nc3 0-0 11. Bg5 h6 12. Bh4 Rc8 13. c5 Be7 14. b4 Ne8 15. Bxe7 Qxe7 16. a4 a6 17. Qd3 Nc7 18. Rfb1 Rb8 19. b5 axb5 20. axb5 cxb5 21. c6 Bc8 22. Ra7 Qd6 23. Nxb5 Rxb5 24. Rxb5 Ba6 25. Rxa6 Nxa6 26. Rb1 Nc7 27. Qc3 f6 28. Nd7 Ra8 29. g3 Rc8 30. Qc5 Qxc5 31. Nxc5 Kf7 32. Rb7 Ke7 33. f4 Kd6 34. Rb6 Na8 35. Ra6 Nc7 36. Nb7+ Ke7 37. Rb6 g5 38. fxg5 hxg5 39. Kg2 g4 40. Nc5 Ra8 41. Rb7 Ra2+ 42. Kg1 Kd6 43. Rb6 Rd2 44. Nb7+ Ke7 45. Rb4 Rc2 46. Nc5 e5 47. Rb7 Kd6 48. dxe5+ fxe5 49. Nd3 e4 50. Nf2 Kxc6 51. Rb1 e3 52. Nxg4 d4 53. h4 Nd5 54. h5 Kd6 55. h6 Rc7 56. Rd1 e2 57. Ra1 Nc3 58. Kf2 Rf7+ 59. Kg2 Nd1 0-1

[Event "Titled Tuesday intern op 27th Jun Late"]
[Site "Chess.com INT"]
[Date "2023.06.27"]
[Round "3"]
[White "Peczely, Sebastian Zsombor"]
[Black "Piesik, Piotr"]
[Result "0-1"]
[WhiteElo "2339"]
[BlackElo "2426"]
[PlyCount "76"]
[EventDate "2023.06.27"]
[EventType "swiss (blitz)"]
[EventRounds "11"]
[EventCountry "USA"]
[SourceTitle "EXT 2024"]
[Source "ChessBase"]
[SourceDate "2023.10.10"]
[SourceVersion "1"]
[SourceVersionDate "2023.10.10"]
[SourceQuality "1"]

1. e4 g6 2. d4 Bg7 3. h4 h5 4. Nc3 c6 5. d5 Nf6 6. Nf3 cxd5 7. exd5 d6 8. Bb5+ Nbd7 9. Bg5 a6 10. Bxd7+ Bxd7 11. 0-0 0-0 12. Re1 Re8 13. a4 b5 14. axb5 axb5 15. Qe2 Rxa1 16. Rxa1 Qb6 17. Be3 Qb8 18. Bd4 b4 19. Ne4 Nxd5 20. Bxg7 Kxg7 21. Qd2 Nf6 22. Nxf6 exf6 23. Ra6 Re6 24. Qd4 b3 25. c4 Qc7 26. Rb6 Bc6 27. Rxb3 Bxf3 28. Rxf3 d5 29. g3 dxc4 30. Qc3 Qc6 31. Rf4 Rd6 32. Kh2 Rd1 33. f3 Qb6 34. Qc2 Qg1+ 35. Kh3 Qf1+ 36. Qg2 Qd3 37. g4 Rd2 38. Qg3 Qf1+ 0-1

[Event "Titled Tuesday intern op 06th Jun Early"]
[Site "Chess.com INT"]
[Date "2023.06.06"]
[Round "6"]
[White "Korchmar, Vasiliy"]
[Black "Peczely, Sebastian Zsombor"]
[Result "1-0"]
[WhiteElo "2438"]
[BlackElo "2339"]
[PlyCount "101"]
[EventDate "2023.06.06"]
[EventType "swiss (blitz)"]
[EventRounds "11"]
[EventCountry "USA"]
[SourceTitle "EXT 2024"]
[Source "ChessBase"]
[SourceDate "2023.10.10"]
[SourceVersion "1"]
[SourceVersionDate "2023.10.10"]
[SourceQuality "1"]

1. e4 c5 2. Nf3 d6 3. d4 cxd4 4. Nxd4 Nf6 5. Nc3 a6 6. Be2 e5 7. Nb3 Be7 8. 0-0 0-0 9. Be3 b6 10. Bf3 Bb7 11. Qd2 Nbd7 12. Rfd1 Qc7 13. Rac1 Rac8 14. h3 Nc5 15. Nd5 Nfxe4 16. Bxe4 Nxe4 17. Nxc7 Nxd2 18. Rxd2 Rxc7 19. Bxb6 Rd7 20. Nc5 Bc6 21. Nxd7 Bxd7 22. Rcd1 Be6 23. Bc7 d5 24. Bxe5 Rc8 25. c3 f6 26. Bg3 Rc5 27. Re2 Kf7 28. Rde1 Rc6 29. Bf4 Bc5 30. Be3 Bxe3 31. Rxe3 Rb6 32. R1e2 a5 33. Rxe6 Rxe6 34. Rxe6 Kxe6 35. Kf1 d4 36. c4 d3 37. Ke1 Ke5 38. Kd2 Kd4 39. b3 f5 40. h4 f4 41. h5 g5 42. f3 h6 43. a3 g4 44. fxg4 Ke4 45. c5 Kd5 46. g5 hxg5 47. Kxd3 g4 48. h6 Kxc5 49. h7 g3 50. Ke2 f3+ 51. Kxf3 1-0

[Event "Titled Tuesday intern op 06th Jun Late"]
[Site "Chess.com INT"]
[Date "2023.06.06"]
[Round "9"]
[White "Novikov, Evgenij"]
[Black "Peczely, Sebastian Zsombor"]
[Result "1/2-1/2"]
[WhiteElo "2276"]
[BlackElo "2339"]
[PlyCount "119"]
[EventDate "2023.06.06"]
[EventType "swiss (blitz)"]
[EventRounds "11"]
[EventCountry "USA"]
[SourceTitle "EXT 2024"]
[Source "ChessBase"]
[SourceDate "2023.10.10"]
[SourceVersion "1"]
[SourceVersionDate "2023.10.10"]
[SourceQuality "1"]

1. d4 Nf6 2. Nc3 d5 3. Bg5 Nbd7 4. e4 dxe4 5. Bc4 h6 6. Bh4 Nb6 7. Bb3 Bf5 8. Nge2 g5 9. Bg3 Bg7 10. h4 Qd7 11. hxg5 hxg5 12. Rxh8+ Bxh8 13. Be5 Bg6 14. a4 0-0-0 15. a5 Nbd5 16. a6 b5 17. Ra5 c6 18. Qd2 Nb6 19. Qxg5 Nfd5 20. Nxd5 cxd5 21. Nc3 f6 22. Qxg6 fxe5 23. Nxb5 exd4 24. Nxa7+ Qxa7 25. Rb5 Bf6 26. Qf5+ Kb8 27. Bxd5 Qxa6 28. Bc4 Rd6 29. Qc5 Qb7 30. Be2 Qc7 31. Qb4 d3 32. cxd3 exd3 33. Bxd3 Re6+ 34. Kd1 Rd6 35. Ke2 Bd4 36. Be4 Re6 37. f3 Qc2+ 38. Qd2 Qxd2+ 39. Kxd2 Rd6 40. Ke2 e5 41. g4 Kc7 42. Rb4 Bc5 43. Rb3 Rd4 44. Rc3 Kd6 45. Rc2 Na4 46. b3 Nb6 47. Rd2 Rxd2+ 48. Kxd2 Bb4+ 49. Kd3 Nd5 50. g5 Nf4+ 51. Kc4 Be1 52. g6 Ke7 53. b4 Kf6 54. b5 Bf2 55. Kb4 Bb6 56. Kc4 Kg7 57. Bf5 Kf6 58. Be4 Ba7 59. Kb4 Bb6 60. Kc4 1/2-1/2

[Event "Titled Tuesday intern op 06th Jun Late"]
[Site "Chess.com INT"]
[Date "2023.06.06"]
[Round "8"]
[White "Peczely, Sebastian Zsombor"]
[Black "Makaraci, Tunahan"]
[Result "0-1"]
[WhiteElo "2339"]
[BlackElo "2296"]
[PlyCount "60"]
[EventDate "2023.06.06"]
[EventType "swiss (blitz)"]
[EventRounds "11"]
[EventCountry "USA"]
[SourceTitle "EXT 2024"]
[Source "ChessBase"]
[SourceDate "2023.10.10"]
[SourceVersion "1"]
[SourceVersionDate "2023.10.10"]
[SourceQuality "1"]

1. e4 Nf6 2. e5 Nd5 3. c4 Nb6 4. d4 d6 5. f4 dxe5 6. fxe5 Bf5 7. Nc3 e6 8. Nf3 Be7 9. Be2 Nc6 10. Be3 0-0 11. 0-0 f6 12. exf6 Bxf6 13. Qd2 Qe8 14. Rad1 Rd8 15. b3 Qg6 16. Kh1 Bg4 17. Bd3 Qh5 18. Nb5 a6 19. Nxc7 Nxd4 20. Bxd4 Bxd4 21. Be4 Be5 22. Qxd8 Bxf3 23. h4 Rxd8 24. Rxd8+ Kf7 25. Rxf3+ Ke7 26. Re8+ Kd7 27. Rxe6 Qxh4+ 28. Kg1 Qe1+ 29. Rf1 Bd4+ 30. Kh2 Qh4# 0-1

[Event "Titled Tuesday intern op 23rd May Early"]
[Site "Chess.com INT"]
[Date "2023.05.23"]
[Round "3"]
[White "Baghdasaryan, Vahe"]
[Black "Peczely, Sebastian Zsombor"]
[Result "1-0"]
[WhiteElo "2257"]
[BlackElo "2339"]
[PlyCount "73"]
[EventDate "2023.05.23"]
[EventType "swiss (blitz)"]
[EventRounds "11"]
[EventCountry "USA"]
[SourceTitle "CBM 214 Extra"]
[Source "ChessBase"]
[SourceDate "2023.07.31"]
[SourceVersion "1"]
[SourceVersionDate "2023.07.31"]
[SourceQuality "1"]

1. d4 Nf6 2. Nf3 d5 3. c4 dxc4 4. e3 e6 5. Bxc4 a6 6. 0-0 c5 7. b3 Nbd7 8. Bb2 b5 9. Be2 Bb7 10. Nbd2 Be7 11. Rc1 Rc8 12. a4 Qb6 13. Ba1 0-0 14. Re1 Rfd8 15. Bd3 Nf8 16. Qe2 bxa4 17. bxa4 Qa5 18. Nc4 Qc7 19. a5 N8d7 20. Red1 Qb8 21. Rb1 Qa8 22. Nb6 Nxb6 23. Rxb6 Rd6 24. dxc5 Rxd3 25. Qxd3 Bxc5 26. Ng5 h6 27. Bxf6 hxg5 28. Bxg5 Bxb6 29. axb6 Bxg2 30. Qd7 Bc6 31. Qd4 f6 32. Bxf6 gxf6 33. Qxf6 Re8 34. Rd4 Be4 35. f3 Bxf3 36. Rh4 Bh5 37. Rxh5 1-0

[Event "Titled Tuesday intern op 23rd May Early"]
[Site "Chess.com INT"]
[Date "2023.05.23"]
[Round "4"]
[White "Berezin, Viktor1111"]
[Black "Peczely, Sebastian Zsombor"]
[Result "0-1"]
[WhiteElo "2307"]
[BlackElo "2339"]
[PlyCount "98"]
[EventDate "2023.05.23"]
[EventType "swiss (blitz)"]
[EventRounds "11"]
[EventCountry "USA"]
[SourceTitle "CBM 214 Extra"]
[Source "ChessBase"]
[SourceDate "2023.07.31"]
[SourceVersion "1"]
[SourceVersionDate "2023.07.31"]
[SourceQuality "1"]

1. d4 Nf6 2. Nf3 d5 3. g3 e6 4. Bg2 Be7 5. 0-0 0-0 6. c4 dxc4 7. Qc2 a6 8. a4 Bd7 9. Qxc4 Bc6 10. Bg5 Nbd7 11. Nc3 h6 12. Bf4 Nd5 13. a5 Nxf4 14. gxf4 Nf6 15. Ne5 Bxg2 16. Kxg2 Nd5 17. e3 c5 18. dxc5 Nxc3 19. bxc3 Rc8 20. c6 Bd6 21. Rfd1 Qe7 22. Qe4 bxc6 23. Nxc6 Qc7 24. Nb4 Bxb4 25. cxb4 Qc3 26. Rac1 Qxc1 27. Rxc1 Rxc1 28. Qb7 Rb1 29. Qxa6 Rxb4 30. Qd6 Ra4 31. a6 Ra8 32. Qd3 R4xa6 33. f5 Ra3 34. Qe4 R8a4 35. Qc2 Ra8 36. fxe6 fxe6 37. Qc6 R3a6 38. Qe4 Rf8 39. h4 Rd6 40. h5 Rf5 41. Qa8+ Kf7 42. Qb7+ Kf6 43. Qb2+ e5 44. Qb8 Re6 45. Qf8+ Kg5 46. Qxg7+ Kxh5 47. Qg3 Rg5 48. Qxg5+ Kxg5 49. Kg3 h5 0-1

[Event "Titled Tuesday intern op 23rd May Late"]
[Site "Chess.com INT"]
[Date "2023.05.23"]
[Round "9"]
[White "Erzhanov, Arman"]
[Black "Peczely, Sebastian Zsombor"]
[Result "1-0"]
[WhiteElo "2228"]
[BlackElo "2339"]
[PlyCount "137"]
[EventDate "2023.05.23"]
[EventType "swiss (blitz)"]
[EventRounds "11"]
[EventCountry "USA"]
[SourceTitle "EXT 2024"]
[Source "ChessBase"]
[SourceDate "2023.10.10"]
[SourceVersion "1"]
[SourceVersionDate "2023.10.10"]
[SourceQuality "1"]

1. e4 c5 2. Nf3 e6 3. b3 d5 4. Bb5+ Bd7 5. Bxd7+ Qxd7 6. exd5 exd5 7. 0-0 Nf6 8. d4 Be7 9. dxc5 Bxc5 10. Re1+ Be7 11. Ba3 Nc6 12. Ne5 Nxe5 13. Rxe5 0-0 14. Bxe7 Qc7 15. Re2 Ng4 16. g3 Rfe8 17. Bg5 h5 18. Bf4 Qb6 19. Nc3 Qa5 20. Bd2 Qc5 21. h3 Nf6 22. Na4 Qb5 23. Rxe8+ Rxe8 24. Be3 b6 25. Qd3 Qc6 26. Rd1 Rc8 27. c4 dxc4 28. Qxc4 Qxc4 29. bxc4 Rxc4 30. Rd8+ Kh7 31. Rd4 Rc2 32. Rd2 Rc4 33. Nb2 Rb4 34. Nd3 Ra4 35. Kg2 Ne4 36. Rc2 f6 37. Nf4 h4 38. gxh4 Nd6 39. h5 Nf5 40. Kf3 Ra3 41. Rb2 b5 42. Ke4 Nd6+ 43. Kd5 Nc4 44. Re2 a5 45. Kc5 Nxe3 46. fxe3 b4 47. Kc4 Rc3+ 48. Kb5 Kh6 49. Nd5 Ra3 50. Nf4 b3 51. axb3 Rxb3+ 52. Kc4 Rb4+ 53. Kd3 Rb5 54. Ra2 Re5 55. Ra4 Kg5 56. Kd4 Kh6 57. Rc4 Rb5 58. Rc5 Rb4+ 59. Kc3 Re4 60. Kd3 Ra4 61. Rc8 Kh7 62. Ra8 Kh6 63. Ra6 Ra1 64. Kc3 a4 65. Kb4 Re1 66. Re6 Ra1 67. Re8 a3 68. Kb3 Kg5 69. Rg8 1-0

[Event "Titled Tuesday intern op 23rd May Late"]
[Site "Chess.com INT"]
[Date "2023.05.23"]
[Round "5"]
[White "Fishbein, Alexander"]
[Black "Peczely, Sebastian Zsombor"]
[Result "1-0"]
[WhiteElo "2366"]
[BlackElo "2339"]
[PlyCount "75"]
[EventDate "2023.05.23"]
[EventType "swiss (blitz)"]
[EventRounds "11"]
[EventCountry "USA"]
[SourceTitle "EXT 2024"]
[Source "ChessBase"]
[SourceDate "2023.10.10"]
[SourceVersion "1"]
[SourceVersionDate "2023.10.10"]
[SourceQuality "1"]

1. d4 Nf6 2. c4 c5 3. d5 b5 4. cxb5 a6 5. b6 e6 6. Nc3 exd5 7. Nxd5 Nxd5 8. Qxd5 Nc6 9. e3 Be7 10. Nf3 Qxb6 11. Bc4 0-0 12. 0-0 d6 13. Qh5 g6 14. Qh6 Na5 15. Bd5 Bb7 16. e4 Bxd5 17. exd5 Nc4 18. b3 Ne5 19. Nxe5 dxe5 20. Bb2 Bf6 21. Rac1 a5 22. Qe3 a4 23. Qxc5 Rfb8 24. Qxb6 Rxb6 25. Rc6 Raa6 26. Rfc1 Kg7 27. g4 h6 28. h4 axb3 29. axb3 g5 30. hxg5 hxg5 31. b4 Rxc6 32. dxc6 Ra8 33. b5 Kf8 34. b6 Ra2 35. c7 Rxb2 36. c8Q+ Kg7 37. b7 e4 38. b8Q 1-0

[Event "Titled Tuesday intern op 16th May Early"]
[Site "Chess.com INT"]
[Date "2023.05.16"]
[Round "11"]
[White "Peczely, Sebastian Zsombor"]
[Black "Gazineu Neto, Rubens"]
[Result "1-0"]
[WhiteElo "2339"]
[BlackElo "1912"]
[PlyCount "47"]
[EventDate "2023.05.16"]
[EventType "swiss (blitz)"]
[EventRounds "11"]
[EventCountry "USA"]
[SourceTitle "CBM 214 Extra"]
[Source "ChessBase"]
[SourceDate "2023.07.31"]
[SourceVersion "1"]
[SourceVersionDate "2023.07.31"]
[SourceQuality "1"]

1. e4 c5 2. Nf3 Nc6 3. c3 d5 4. exd5 Qxd5 5. d4 Nf6 6. Be3 e6 7. Be2 cxd4 8. cxd4 Bb4+ 9. Nc3 0-0 10. 0-0 Qd6 11. Rc1 Bd7 12. a3 Ba5 13. b4 Bd8 14. Qd2 Nd5 15. Nxd5 Qxd5 16. Bc4 Qh5 17. d5 Ne5 18. Nxe5 Qxe5 19. Bc5 Bg5 20. f4 Bxf4 21. Qxf4 Qxf4 22. Rxf4 Rfc8 23. dxe6 fxe6 24. Rd1 1-0

[Event "Titled Tuesday intern op 16th May Early"]
[Site "Chess.com INT"]
[Date "2023.05.16"]
[Round "1"]
[White "Peczely, Sebastian Zsombor"]
[Black "Odegov, Artem"]
[Result "0-1"]
[WhiteElo "2339"]
[BlackElo "2261"]
[PlyCount "46"]
[EventDate "2023.05.16"]
[EventType "swiss (blitz)"]
[EventRounds "11"]
[EventCountry "USA"]
[SourceTitle "CBM 214 Extra"]
[Source "ChessBase"]
[SourceDate "2023.07.31"]
[SourceVersion "1"]
[SourceVersionDate "2023.07.31"]
[SourceQuality "1"]

1. e4 e6 2. d4 d5 3. exd5 exd5 4. Nc3 Nf6 5. Bf4 Bb4 6. f3 0-0 7. Qd2 Re8+ 8. Be2 c5 9. 0-0-0 cxd4 10. Qxd4 Nc6 11. Qd3 Qa5 12. Kb1 Be6 13. Nb5 Rac8 14. a3 Bf8 15. Bd6 Red8 16. Bxf8 Kxf8 17. Nd4 Kg8 18. Qd2 Qb6 19. Nxe6 fxe6 20. c3 Na5 21. Qc2 d4 22. c4 Nd5 23. Qa4 Nc3+ 0-1

[Event "Budapest Vezerkepzo Carnival GM"]
[Site "Budapest"]
[Date "2023.02.18"]
[Round "3"]
[White "Gaal, Zsoka"]
[Black "Peczely, Sebastian Zsombor"]
[Result "1-0"]
[WhiteElo "2313"]
[BlackElo "2352"]
[PlyCount "79"]
[EventDate "2023.02.16"]
[EventType "tourn"]
[EventRounds "9"]
[EventCountry "HUN"]
[EventCategory "6"]
[SourceTitle "CBM 212 Extra"]
[Source "ChessBase"]
[SourceDate "2023.03.31"]
[SourceVersion "1"]
[SourceVersionDate "2023.03.31"]
[SourceQuality "1"]

1. d4 Nf6 2. Nf3 e6 3. c4 Ne4 4. e3 Bb4+ 5. Nbd2 b6 6. a3 Bxd2+ 7. Nxd2 Nxd2 8. Bxd2 Bb7 9. Qc2 f5 10. Bc3 d6 11. 0-0-0 Nd7 12. f3 Qg5 13. Qf2 0-0 14. h4 Qh6 15. Kb1 Rae8 16. Bd3 e5 17. Bc2 e4 18. Ba4 Re7 19. f4 Qh5 20. Bb5 Qf7 21. Qe2 c6 22. Ba4 Ba6 23. d5 cxd5 24. Bb5 Bxb5 25. cxb5 Nc5 26. g4 Nd3 27. Rdg1 Rc8 28. gxf5 Qxf5 29. Rg5 Qd7 30. Bd4 Qxb5 31. Rhg1 g6 32. Qg4 Qe8 33. h5 Rec7 34. hxg6 h6 35. Qf5 Rc1+ 36. Rxc1 Rxc1+ 37. Ka2 Nb4+ 38. Kb3 a5 39. axb4 Rc5 40. Qf6 1-0